000 01217na a2200289 4500
001 23963
003 MIRAKIL
005 20181213155325.0
008 180131b tu 000 0
040 _aMilas
_btur
_cTR-AnCHP
041 _atur
082 _a338.64206
_bE75 1994
090 _a338.64206 E75 1994
111 _aEsnaf ve Sanatkarlar Şurası
_cAnkara
_d18-19 Kasım 1994
_n2.
245 _a2. Esnaf ve Sanatkarlar Şurası
_cdüzenleyenler T.C. Sanayi ve Ticaret Bakanlığı, Türkiye Esnaf ve Sanatkarları Konfederasyonu
260 _aAnkara
_bTürkiye Esnaf ve Sanatkarları Konfederasyonu
_c1994
300 _a495 s.
_bfotğ.
_c27 sm.
440 _aTürkiye Esnaf ve Sanatkarları Konfederasyonu yayınları
_v61
505 _aŞura Açılış oturumu tutanakları; Şura Genel Kuruluna sunulan raporlar; Şura Genel Kurulunda alınan kararlar
610 _aEsnaf ve Sanatkarlar Konfederasyonu
_xToplantılar, 1994
650 _aEsnaf ve sanatkarlar
_xKararlar
650 _aEsnaf ve sanatkarlar
_xRaporlar
650 _aEsnaf ve sanatkarlar
_xToplantılar
_y1994
710 _aT.C. Sanayi ve Ticaret Bakanlığı
710 _aTürkiye Esnaf Ve Sanatkarları Federasyonu
942 _2ddc
_cBKS
999 _c10525
_d10525